| 000 | 00430nam a22001337a 4500 | ||
|---|---|---|---|
| 003 | OSt | ||
| 008 | 250212b |||||||| |||| 00| 0 eng d | ||
| 020 | _a9788197818486 | ||
| 100 | _aSUNITA et al. | ||
| 245 | _aHybrid Approaches in Artificial Intelligence: Integrating Machine Learning, Deep Learning and Evolutionary Approaches | ||
| 260 |
_aNew Delhi, _bNaples India: _c2024. |
||
| 650 | _aFaculty Publication | ||
| 942 |
_2ddc _cBK |
||
| 999 |
_c13117 _d13117 |
||